[Event "ASEAN GM 1st"]
[Site "Bangkok"]
[Date "2004.06.07"]
[Round "5"]
[White "Villamayor, Buenaventura"]
[Black "Aung, Thant Zin"]
[Result "1-0"]
[WhiteElo "2469"]
[BlackElo "2466"]
[Annotator "Ribli,Z"]
[PlyCount "77"]
[EventDate "2004.06.04"]
[EventType "tourn"]
[EventRounds "10"]
[EventCountry "THA"]
[EventCategory "10"]
[SourceTitle "CBM 102"]
[Source "ChessBase"]
[SourceDate "2004.09.23"]
[SourceVersion "1"]
[SourceVersionDate "2004.09.23"]
[SourceQuality "1"]

1. Nf3 d5 2. c4 e6 3. d4 Nf6 4. g3 Be7 5. Bg2 O-O 6. O-O dxc4 7. Qc2 a6 8. Qxc4
{Heutzutage wird dieser natürliche Zug relativ selten gespielt, die
Alternative 8.a4 ist populärer.} b5 9. Qc2 Bb7 10. Bg5 {Mit diesem Zug möchte
Weiß den f6-Springer tauschen und im Folgenden Nbd2-Nb3 ziehen und das c5-Feld
kontrollieren. Die Alternativen sind 10.Bf4 und 10.Bd2.} Nbd7 11. Bxf6 (11.
Nbd2 Rc8 12. Bxf6 Nxf6 13. Nb3) 11... Nxf6 12. Nbd2 Rc8 13. Nb3 Be4 (13... c5 {
Dieses zeitwelige Bauernopfer ist die andere gute Ausgleichsmöglichkeit für
Schwarz.}) 14. Qc3 (14. Qc1) 14... b4 $6 {[%mdl 16384] Dieser Zug kommt mit
Tempo, aber Schwarz schwächt von selbst sein Damenflügel. Es wäre besser die
Dame von c3 mit dem Springer (14...Nd5!?) zu verjagen, wonach Schwarz
ausgezeichnete Ausgleichchancen hat.} (14... Nd5 $5 15. Qd2 (15. Qc1 Nb4 16.
Qc3 Nd5 17. Qd2 Bb4 18. Qd1 c5 19. a3 c4 20. axb4 cxb3 21. Qxb3 Qd6 22. Ne5
Bxg2 23. Kxg2 Nxb4 $11 {1/2-1/2 Navara,D-Aronian,L/Antalya TUR 2004/(58)})
15... Bb4 (15... c5 16. dxc5 Bxc5 17. Nxc5 Rxc5 18. Rfc1 Rxc1+ 19. Rxc1 Qa8 20.
Ne1 Bxg2 21. Nxg2 Rd8 22. Qd4 {1/2-1/2 Burgos,M-De Souza,M/Sao Paulo BRA 2004/
(49)}) 16. Qd1 c5 17. dxc5 Bxc5 18. Nxc5 Rxc5 19. Rc1 Qc7 20. Qd2 Rc8 21. Rxc5
Qxc5 22. Rd1 h6 {1/2-1/2 Psakhis,L-Zatonskih,A/St Petersburg 2002/CBM 86 ext 
(26)}) 15. Qc4 {[%csl Ra6,Gc4,Yc5] Die Dame steht aktiv auf c4, weil es am
schwarzen Damenflügel einige Angriffspunkte gibt - und vor allem
Bauernschwächen.} a5 (15... Qd5 16. Rfc1 Qxc4 17. Rxc4 Bd5 18. Rc2 Be4 19. Rcc1
Bd6 20. Ne1 Bxg2 21. Kxg2 e5 22. dxe5 Bxe5 23. Nd3 Rfe8 24. e3 Bd6 25. Rc6 $14
{1-0 Jackelen,T-Kebbekus,T/Germany 1989/GER-chT2 (61)}) 16. Rfc1 $14 {[%csl
Gb3,Yc5][%cal Gc1c8,Gb3c5,Gb3a5][%mdl 4] Weiß nimmt nicht den a5-Bauern,
sondern bringt eine neue Figur ins Spiel und erhöht seinen positionellen Druck
am Damenflügel.} (16. Nxa5 $6 c5 $13) 16... Bd5 (16... a4 17. Nc5 $14) 17. Qb5
{[%csl Ra5]} c6 18. Qxa5 $16 {Weiß hat einen Bauern mehr und Schwarz hat keine
Kompensation.} Bxb3 19. Qxd8 (19. axb3 $16) 19... Rfxd8 20. axb3 c5 21. e3 Nd7
(21... cxd4 22. Nxd4 $16 {[%csl Yc6][%cal Gd4c6]}) 22. Ra7 Bf8 23. d5 $1 {
Dieser Durchbruch ist sehr stark - im Folgenden bekommt Weiß aktives Spiel auf
dunkelfarbigen Feldern.} Ra8 (23... exd5 24. Bh3 $18 {[%csl Rd7][%cal Rh3c8]})
24. Rxa8 Rxa8 25. dxe6 fxe6 26. Ng5 {[%csl Re6] Mit einem Bauer weniger hat
Schwarz eine neue Schwäche in seiner Stellung.} Ra2 (26... Ra6 27. Bh3 $18) 27.
Bh3 $18 Ne5 28. Bxe6+ Kh8 29. f4 h6 (29... Be7 30. Ne4 $18) 30. Ne4 Ng6 31.
Nxc5 Ra8 (31... Rxb2 32. Na4 Re2 33. Rc8 Rxe3 34. Bf7 $18) (31... Bxc5 32. Rxc5
Rxb2 33. Rc8+ Kh7 34. Bf5 $18) 32. Nd7 Be7 33. e4 Nf8 34. Nxf8 Bxf8 35. Kg2 Bd6
36. Rc6 (36. e5 $18) 36... Rd8 37. Kf3 g5 38. e5 Bf8 39. Ke4 1-0

[Event "RUS-ch qual 57th"]
[Site "Tomsk"]
[Date "2004.05.30"]
[Round "8"]
[White "Maletin, Pavel"]
[Black "Kiriakov, Petr"]
[Result "1/2-1/2"]
[WhiteElo "2423"]
[BlackElo "2568"]
[Annotator "Ribli,Z"]
[PlyCount "90"]
[EventDate "2004.05.23"]
[EventType "swiss"]
[EventRounds "9"]
[EventCountry "RUS"]
[SourceTitle "CBM 102"]
[Source "ChessBase"]
[SourceDate "2004.09.23"]
[SourceVersion "1"]
[SourceVersionDate "2004.09.23"]
[SourceQuality "1"]

1. Nf3 Nf6 2. g3 d5 3. Bg2 e6 4. O-O Be7 5. d4 O-O 6. c4 dxc4 7. Ne5 {Diese
Variante ist relativ populär in der letzten Zeit - Weiß öffnet die Diagonale
des g2-Läufers und möchte den c4-Bauern zurücknehmen.} Nc6 {Das ist die
prinzipielle Fortsetzung für Schwarz - er strebt schnelle Figurenentwicklung
um jeden Preis an.} (7... c5 {Das ist die positionelle Alternative.}) 8. Bxc6
bxc6 9. Nxc6 Qe8 10. Nxe7+ Qxe7 11. Qa4 {Mit diesem Zug gewinnt Weiß einen
Bauern.} e5 {Das ist die bekanntere Fortsetzung, aber die Alternative 11....c5
ist auch spielbar.} (11... c5 12. Qxc4 cxd4 13. Qxd4 Rd8 $5 14. Qh4 Rb8 15. b3
Ba6 16. Nc3 Qc5 17. Ne4 Nxe4 18. Qxe4 Rb4 19. Qe3 Qc2 $1 20. Ba3 Re4 21. Rfc1
Qxe2 {1/2-1/2 Krasenkow,M-Ribli,Z/Deutschland 72/(444) 1998 (21)}) 12. dxe5
Qxe5 13. Qxc4 Be6 {Schwarz hat einen Entwicklungsvorteil und die weißfarbigen
Felder sind schwach am weißen Königsflügel.} 14. Qd3 (14. Qc2 Bf5 15. Qc4 Be6)
14... Rad8 (14... Nd5 15. Nc3 Nxc3 16. bxc3 Rad8 $44) 15. Qe3 Qa5 {Der
russische Großmeister spielt gern diesen Damezug, aber die theoretische
Hauptfortsetzung ist 15...Qh5, welche Schwarz ausgezeichnete Ausgleichschancen
bietet. Die Idee des Zuges 15...Qa5 ist, dass Schwarz in einigen Varianten den
Damentausch vermeiden kann, während in der Variante 15...Qh5 Weiß gewöhnlich
das Damentauschmotiv Qg5 hat.} 16. Nc3 Bh3 17. Re1 Rfe8 18. Qf3 (18. Qg5 Rd5
19. Qf4 Ne4 20. Be3 Rf5 21. Qh4 Rh5 22. Qf4 Rf5 23. Qh4 Rh5 24. Qf4 Rf5 {
1/2-1/2 Evdokimov,A-Kiriakov,P/Sochi RUS 2004/(24)}) 18... Bg4 $44 {[%mdl 2048]
} 19. Qc6 (19. Qg2 $6 Ne4 $36) (19. Qb7) 19... Re6 20. Qb5 Qxb5 21. Nxb5 Rxe2
$11 {Schwarz hat den Bauern zurückgewonnen, die Stellung ist gleich, es gibt
beiderseitige Schwächen am Damenflügel.} 22. Bf4 (22. Be3 Rxb2 23. Nxa7 $11)
22... Rxb2 23. Nxa7 Bf3 24. Rab1 (24. Bxc7 Rdd2 25. Be5 Rxa2 26. Rxa2 Rxa2 27.
Bxf6 (27. Nb5 Ne4 28. Nc3 $11) 27... gxf6 28. Nb5 $11) 24... Rxa2 25. Bxc7 {
[%mdl 4096] Die Bauernstellung ist symmetrisch, die Stellung ist gleich.
Schwarz hat theoretisch einen sehr kleinen Vorteil, da sein f3B sehr stark ist,
aber Weiß kann das Remis leicht halten.} Ra8 26. Bb6 h6 {Schwarz muss seine
Grundlinie öffnen - jetzt droht schon 27...R2xa7.} 27. Ra1 Rd2 (27... Rxa1 28.
Rxa1 $11) 28. Be3 (28. Nb5 Rxa1 29. Rxa1 Rb2 30. Nd4 $11) 28... Rd3 29. Nb5
Rad8 30. Ra3 Rd1 31. Ra1 R1d3 32. Na3 {Es ist schwer zu sagen, wer "auf
Gewinn" spielt - die Stellung ist gleich. Wegen des aktiven f3-Läufers hat
Schwarz einen scheinbaren Vorteil, aber das hat keine Bedeutung.} (32. Ra3 {
Mit diesem Zug könnte Weiß die Züge wiederholen.}) 32... Ng4 33. Nc4 R8d5 {
[%cal Rg4h2] Die schwarze Drohung ist 34...Nxh2 und im Falle von 35.Kxh2 kommt
35...Rh5+.} (33... Nxe3 34. Nxe3 $11) 34. h4 (34. h3 $11) 34... f6 35. Ra2 {
[%cal Ga2d2,Gd2d5]} Rd1 36. Ra1 R1d3 37. Ra2 Rd8 38. Rd2 {Endlich kann Weiß
ein Turmpaar tauschen.} g5 39. hxg5 hxg5 40. Rxd3 Rxd3 41. Bc1 $1 (41. Nd2 Bd5
42. Nf1 Ne5 43. Nh2 $15) 41... Rd7 42. Nd2 Bb7 43. Ne4 Rc7 44. Bb2 Kf7 45. f3
Bxe4 (45... Bxe4 46. Rxe4 $11) 1/2-1/2

[Event "Solin 9th"]
[Site "Solin/Split"]
[Date "2001.12.11"]
[Round "4"]
[White "Kozul, Zdenko"]
[Black "Ribli, Zoltan"]
[Result "1-0"]
[WhiteElo "2569"]
[BlackElo "2564"]
[Annotator "Ribli,Z"]
[PlyCount "101"]
[EventDate "2001.12.08"]
[EventType "tourn"]
[EventRounds "9"]
[EventCountry "CRO"]
[EventCategory "12"]
[SourceTitle "CBM 087"]
[Source "ChessBase"]
[SourceDate "2002.03.21"]
[SourceVersion "1"]
[SourceVersionDate "2002.03.21"]
[SourceQuality "1"]

1. d4 Nf6 2. c4 e6 3. Nf3 d5 4. g3 Be7 5. Bg2 O-O 6. O-O dxc4 7. Qc2 a6 8. a4 {
In letzter Zeit ist dieser Bauernzug populärer als das sofortige 8.Qxc4,
wonach Schwarz mit 8...b5 und 9...Bb7 fortsetzen kann.} Bd7 9. Qxc4 Bc6 10. Bg5
Bd5 (10... a5) (10... Nbd7) 11. Qc2 (11. Qd3) 11... Be4 12. Qd1 (12. Qc1) 12...
c5 13. dxc5 Nbd7 {Schwarz muss sich nicht mit der Rücknahme des c5-Bauern
beeilen - zuerst beendet er die Entwicklung.} (13... Bxc5 14. Qxd8 Rxd8 15.
Nbd2 Bc6 16. Nb3 Bb4 17. Rfc1 Nbd7 18. Bd2 Bxd2 19. Nfxd2 Bxg2 20. Kxg2 Rdc8 (
20... Ne5 21. Nc4 Nxc4 22. Rxc4 Ne8 23. Rac1 Kf8 24. Rb4 Rab8 25. Nc5 {1-0
Savchenko,S-Stefansson,H/2 IECC, Ohrid 2001 (38)}) 21. Nc4 Rab8 22. Nca5 g5 23.
Kf1 Kf8 24. Ke1 {1/2-1/2 Savchenko,S-Pigusov,E/Ohrid 2001/CBM 84_01 (24)}) (
13... Qxd1 14. Rxd1 Bxc5 15. Nc3 Bc6 16. Ne5 Bxg2 17. Kxg2 b6 18. Bxf6 gxf6 19.
Nd7 Nxd7 20. Rxd7 Rfd8 21. Rad1 Rxd7 22. Rxd7 Kf8 23. Ne4 Be7 24. Rb7 f5 {
1/2-1/2 Pigusov,E-Kruppa,Y/Panormo GRE 2001/The Week in Chess 360 (31)}) 14.
Nc3 Bc6 (14... Nxc5 15. b4 Ncd7 16. Nxe4 Nxe4 17. Bxe7 Qxe7 18. Nd4 $14) 15. b4
a5 16. b5 Bxf3 17. Bxf3 Nxc5 {[%csl Gc5] Weiß hat Raumvorteil am Damenflügel
und das Läuferpaar, aber der schwarze c5N ist sehr stark.} 18. Be3 $5 (18. Rc1
Rc8 19. Qc2 Nfd7 20. Be3 Bg5 $1 {Schwarz möchte den dunkelfarbigen Läufer
tauschen, wonach der c5N noch sicherer wird.} 21. Bxg5 Qxg5 22. Ne4 Qe7 23.
Rfd1 Nxe4 24. Qxe4 Rxc1 25. Rxc1 Nc5 $15 {[%csl Gc5] 0-1 Kozul,Z-Ribli,Z/Cro
Cup 2001/[1/1] (65)}) 18... Rc8 $11 (18... Nfd7) 19. Qb1 (19. Bxc5 Rxc5 20. Ne4
Nxe4 21. Bxe4 Qc7 $11) 19... Bd6 {[%cal Gd8e7] Mit diesem prophylaktischem Zug
macht Schwarz Platz auf e7 für die Dame.} (19... b6 $6 20. Bc6 $14 {[%csl Gc6]}
) (19... Nfd7 20. Rd1) 20. Ne4 Ncxe4 21. Bxe4 Qe7 (21... Nxe4 22. Qxe4 Qe7 $11
{Weiss hat einen kleinen Raumvorteil am Damenflügel, aber Schwarz hat keine
Schwächen.}) 22. Bg2 Bc5 23. Bd2 {[%csl Gc5]} (23. Bxc5 Rxc5 $11) 23... b6 24.
Qb3 (24. Bc6 Rfd8 $11) 24... Rfd8 25. Rad1 h6 26. e3 {Mit diesem Zug
beschränkt Weiß den Wirkungskreis des c5-Läufers.} (26. Bc6 Rd6) 26... Rd6 {
[%cal Gc8d8,Gd8d1] Schwarz möchte die Türme auf der d-Linie verdoppeln.} (26...
Nd5) 27. Bc3 Rcd8 28. Rc1 $1 {[%mdl 32] Weiß tauscht nicht - er möchte die
Türme auf dem Brett halten.} (28. Rxd6 Rxd6 $11 (28... Qxd6 $11)) 28... Ng4 (
28... Nd7) 29. Bxa5 $13 {Ein mutiger Zug - Weiß nimmt den a5-Bauern, während
der Gegner Gegenspiel am Königsflügel hat. Aber ich sehe keine Widerlegung des
Zugs 29.Bxa5.} Rd3 $132 (29... Bxe3 30. fxe3 bxa5 31. b6 $14 {[%csl Gb6,Gg2]})
30. Rc3 (30. Bc3 $2 Nxf2 31. Rxf2 (31. Kxf2 Rxe3 $19 {[%csl Rf2][%cal Rc5f2]})
31... Bxe3 $19) 30... Nxf2 {[%mdl 64]} (30... R3d7 $5) 31. Rxf2 (31. Kxf2 Rd2+
32. Kg1 bxa5) 31... Rd1+ 32. Bf1 (32. Rf1 Rxf1+ 33. Bxf1 bxa5 $11) 32... bxa5
33. b6 {Weiß muss so spielen, sonst kommt 33...Bb6 und Schwarz blockiert den
b-Bauern. Die weiße Idee ist Bg2 und b6-b7.} Bb4 34. Rc6 R1d6 35. Qc4 $5 (35.
Rxd6 Rxd6 $17) 35... Rxc6 36. Qxc6 Bc5 {[%cal Gc5b6,Gc5g1] Auf diese Weise
gewinnt Schwarz einen Bauern, aber der e3P hat keine große Bedeutung.} 37. Rc2
Bxe3+ 38. Kg2 {[%csl Gb6]} Qb4 (38... Rb8 39. Qc7 Qf8 (39... Qd8 40. b7 (40.
Qxd8+ Rxd8 41. b7 Ba7 42. Rc8 Rf8 43. Kf3 $18) 40... Qd5+ $19) 40. b7 Ba7 $14)
39. b7 $14 {[%csl Gb7] Der weiße b-Bauer ist sehr stark. Weiß hat mehr als
ausreichende Kompensation für den Minusbauern.} Ba7 40. Kh3 {[%csl Gh3] Der
weiße König steht in voller Sicherheit auf h3.} h5 {[%cal Gb4g4,Gg4h3]} 41. Be2
Rb8 42. Bd3 g6 (42... Qg4+ 43. Kg2 $14) 43. Be4 Kh7 $2 {Der König lässt den
f7-Bauern unverteidigt, was Weiß deutlichen Vorteil gibt.} (43... Kg7 44. Qc3+
Qxc3 45. Rxc3 f5 $14 {Und obwohl Schwarz einen Bauern mehr hat, sind die
weißen Chancen etwas besser, weil der b7P so stark ist.}) 44. Rc4 Qd2 (44...
Qe7 45. Qa6 Qf6 46. Rc8 $16) 45. Qc7 Rf8 (45... Kg7 46. Qe5+ Kh7 47. Rc8 $18) (
45... Kg8 46. Qe7 $16 (46. Qxb8+ Bxb8 47. Rc8+ Kg7 48. Rxb8 Qb2 {[%csl Rh3]
[%cal Rg6g5,Rg5g4]})) 46. Qe5 $16 {[%csl Gc4,Ge4,Ge5] Weiß hat gute
zentralisierte Figuren, während die schwarze Figurenkoordination schlecht ist.}
Bb8 47. Qc3 Qe2 (47... Qxc3 48. Rxc3 $16 {[%cal Gc3c8]}) 48. Bd3 Qd1 (48... Qf3
49. Rc8 $18) 49. Qd4 Kg8 50. Rc8 Qf3 (50... Qg4+ 51. Qxg4 hxg4+ 52. Kxg4 $18)
51. Qc5 $18 1-0

[Event "BIH-chT"]
[Site "Neum"]
[Date "2004.06.02"]
[Round "5.2"]
[White "Kozul, Zdenko"]
[Black "Lekic, Dusan"]
[Result "1-0"]
[WhiteElo "2627"]
[BlackElo "2389"]
[Annotator "Ribli,Z"]
[PlyCount "83"]
[EventDate "2004.05.29"]
[EventType "team"]
[EventRounds "9"]
[EventCountry "BIH"]
[SourceTitle "CBM 102"]
[Source "ChessBase"]
[SourceDate "2004.09.23"]
[SourceVersion "1"]
[SourceVersionDate "2004.09.23"]
[SourceQuality "1"]
[WhiteTeam "Sarajevo Bosna"]
[BlackTeam "Banja Luka"]
[WhiteTeamCountry "BIH"]
[BlackTeamCountry "BIH"]

1. d4 Nf6 2. c4 e6 3. Nf3 d5 4. g3 Be7 5. Bg2 O-O 6. O-O dxc4 7. Qc2 a6 8. a4
Bd7 9. Qxc4 Bc6 10. Bf4 {Der kroatische Großmeister spielte schon öfters die
Variante 10.Bg5, jetzt möchte er etwas unbekannteres spielen.} Nd5 {Mit dem
Springerzug möchte Schwarz den f4-Läufer tauschen. Die schwarzen Alternativen
sind 10...Bd6, 10...Nbd7 und hauptsächlich 10...a5.} 11. Bd2 {Weiß möchte den
Läufer auf dem Brett halten und im Folgenden kann er auf e2-e4 spielen.} (11.
Nc3 Nxf4 12. gxf4 a5 13. Rfd1 Bd5 14. Qb5 Na6 15. e4 Bc6 16. Qc4 (16. Qh5 Nb4
17. Rac1 $14) 16... Nb4 17. Ne5 Be8 18. d5 exd5 19. Nxd5 Nxd5 20. Rxd5 Bd6 21.
Nf3 Bc6 22. Rd3 Qc8 23. e5 Be7 24. Ne1 Ra6 $1 $13 {0-1 Hulak,K-Psakhis,L/
Zagreb 1993/CBM 35/[Ftacnik] (37)}) 11... Bb5 $6 {Das ist wirklich eine
interessante taktische Idee, aber nach dieser Partie wird das fraglich sein.
Meiner Meinung nach wäre es besser mit 11...Nd7 fortzusetzen, mit ruhigem
positionellen Spiel.} (11... Nd7 12. Re1 $5 $146 {[/\ 13.e4, 13.a5]} (12. Qc2
Nb4 13. Bxb4 Bxb4 14. Rd1 (14. e4 $6 Nf6) 14... Nf6 15. Nbd2 Rc8 16. e3 {
1/2-1/2 Meduna,E-Ftacnik,L/Trnava 1980/MCD (16)}) 12... a5 (12... N5f6 $5) 13.
e4 Nb4 14. Qb3 Bd6 15. Bg5 Qe8 16. Nc3 e5 17. Qd1 exd4 18. Nxd4 Ne5 {Dlugy,
M-Morovic Fernandez,I/Tunis (izt) 39/(593) 1985/[Morovic Fernandez,I] (18)} (
18... Ne5 19. Nxc6 Qxc6 $14)) 12. axb5 $5 $146 {Weiß hat keine Angst vor dem
Damenopfer und nimmt die Einladung an.} (12. Qb3 Bxe2 13. Qxb7 Bxf1 14. Qxa8
Bxg2 15. Kxg2 Qd6 16. Nc3 Nd7 17. Qa7 Nxc3 18. bxc3 Qc6 19. Rb1 Bd6 20. a5 Qc4
21. Rb2 h6 $13 {1-0 Birnboim,N-Bruk,O/Israel 1999/EXT 2000 (30)}) 12... axb5 {
[%cal Ra8a1,Rb5c4]} 13. Qxd5 Qxd5 (13... exd5 14. Rxa8 c6 $16) 14. Rxa8 {
[%mdl 1024] Weiß hat R+N+B gegen die Dame und Bauern, was einen
Materialvorteil für Weiß bedeutet.} Nc6 15. Rxf8+ (15. Ne5 $5 Qb3 (15... Qxd4
16. Bc3 $18) 16. Nxc6 Rxa8 17. Nxe7+ Kf8 18. Bxb7 Ra7 19. Nc6 Rxb7 20. Na5 $18)
15... Bxf8 16. e3 (16. Nc3 Qc4 17. e3 b4 18. Nd1 $16) 16... Qb3 17. Bc1 {
Weiß muss natürlich den b2-Bauern verteidigen. Weiß hat offensichtlichen
materiellen Vorteil, aber er muss seine Figurenkoordination verbessern.} Na5 (
17... Nb4 18. Nfd2 Qc2 19. Na3 Qa4 20. b3 (20. Bxb7 $2 c6 $132 {[%csl Rb7]})
20... Qa6 21. Nab1 $16) 18. Nfd2 Qb4 19. Nc3 c6 {Der Wirkungskreis des
g2-Läufers ist beschränkt. Weiß muss die Stellung für seine Figuren öffnen.}
20. Bf3 f5 $6 {Dieser Zug schwächt die schwarze Königsstellung und im
Folgendem kann Weiß mit e3-e4 sprengen. Meiner Meinung nach wäre es besser die
Stellung geschlossen zu halten.} (20... h6) 21. h4 g6 22. Bd1 {[%cal Gc3a2,
Ga2b4] Die weiße positionelle Drohung ist 23.Na2, wonach die aktive Dame weg
gehen muss.} Nc4 23. Nxc4 bxc4 (23... Qxc4 24. Bf3 $16) 24. Bf3 {Alles ist
verteidigt in der weißen Stellung und wegen des starken f3-Läufers kann
Schwarz seine Bauern am Damenflügel nicht mobilisieren.} Bd6 25. e4 $1 {
Endlich kann Weiß die Stellung öffnen und die Aktivität den Figuren erhöhen.}
e5 (25... fxe4 26. Nxe4 $16) 26. dxe5 $6 (26. d5 $1 $16) 26... Bxe5 $132 {
Der c3N hängt und dank seiner gefährlichen Bauern am Damenflügel bekommt
Schwarz Gegenspiel. Andererseits bekommt Weiß mit dem Läuferpaar
Angriffschancen am Königsflügel.} 27. exf5 Bxc3 (27... gxf5 28. Nd1 $16) 28.
bxc3 Qxc3 29. Be3 Qf6 {[%cal Gf6f3]} (29... gxf5 30. Rb1 {[%csl Rb7][%cal
Rb1b7]} f4 (30... Qg7 31. Bxc6 bxc6 32. Rb8+ $18) 31. gxf4 Qg7+ 32. Kf1 $16)
30. Re1 (30. Rb1 $4 Qxf5 $19 {[%cal Rf5b1,Rf5f3]}) 30... Qxf5 31. Bh6 Kf7 (
31... Qxf3 32. Re8+ Kf7 33. Rf8+ $18) 32. Kg2 c3 {[%csl Gb7,Gc3,Gc6]} 33. Be4
Qe6 34. Re3 Qc4 (34... b5 $142 $5) 35. Bd3 Qc5 (35... Qb3) 36. Bc2 $1 {[%csl
Gc2][%cal Gc2b3,Gb3f7] Weiß blockiert den c-Bauern und droht eventuell Bb3+.}
Qc4 (36... Qd5+ $5) 37. Bg5 {[%csl Gc2,Ge3,Gg5][%cal Re3e7,Re7f7]} h5 38. Re7+
$18 {[%mdl 128]} Kf8 39. Rh7 (39. Rxb7 $18) 39... b5 40. Bxg6 {[%csl Rf8]} c2
41. Bh6+ Kg8 42. Rd7 1-0